| 000 | 00935cam a2200157 a 4500 | ||
|---|---|---|---|
| 999 |
_c1604 _d1604 |
||
| 020 | _a 9780073377018 | ||
| 050 |
_a HD31 _b.G47 |
||
| 100 | _aGhillyer, Andrew. | ||
| 245 |
_aManagement : _ba real world approach / _cAndrew Ghillyer. |
||
| 260 |
_aBoston : _bMcGraw Hill, _c2009. |
||
| 300 |
_a xxx, 463 p. : _b ill. (chiefly col.) ; . _c 26 cm. |
||
| 500 | _aIncludes index. | ||
| 505 | _aChapter 1. Foundations, Chapter 2. A brief history of management, Chapter 3. Communication skills, Chapter 4. Decision making skills, Chapter 5. Planning and strategic management, Chapter 6. Leadership and culture, Chapter 7. Organizing work, Chapter 8. Organizing structure, Chapter 9. Organizing people, Chapter 10. motivating people, Chapter 11. management control, Chapter 12. operations control Chapter 13. contemporary issues Chapter 14. management in the 21st century | ||
| 650 | _a Management. | ||
| 942 | _cBK | ||